01551naa a22003497a 4500001001000000003000900010005001700019007000300036008003400039040005400073041000900127072003100136090001800167100001600185100001700201100001800218111010800236245014600344260003600490500017500526650001000701650001400711650002800725650001000753650002500763650002300788773017200811909003600983942001401019999001901033952014901052BR8107026BR-BrBNA20240918175046.0ta230509b bl.||||| |||| 00| 0 por d aBR-BrBNAbporcBiblioteca Nacional de Agricultura a(Pt) aF30; H20b0180b4120bG514 aF30 BR81070261 aSouza, P.G.1 aKruker, J.M.1 aCruz, J.R. da1 a7. Reuniao da Comissao Norte Brasileira de Pesquisa de TrigocPonta Grossa, PR (Brazil)d12-16 Jan 19811 aAvaliacao de cultivares de trigo no estado de Mato Grosso do Sul [Triticum spp, competicao de variedade, variedade resistente, fungo, Brasil]3 aDourados, MS (Brasil): c1981.  aResultados de pesquisa com trigo obtidos na Unidade de Execucao de Pesquisa de Ambito Estadual de Dourados em 1980 Dourados, MS (Brasil): 1981. p. 7-51 (BR8107026-AM)F30  aTRIGO aVARIEDADE aCOMPETICAO DE VARIEDADE aFUNGO aVARIEDADE RESISTENTE aMATO GROSSO DO SUL0 tResultados de pesquisa com trigo obtidos na Unidade de Execucao de Pesquisa de Ambito Estadual de Dourados em 1980wF30 BR8107026gDourados, MS (Brasil), 1981. p. 7-51 a202404bLuciac55dLucia Elande cAM2AGRIS c314772d314772 002AGRIS40708Acervo Gerala41918b41918cAgrobasel0o0180 BR9511399r2024-05-20t01yAM10d2024-04-11ePortaria Interministerial nÂș 164/94